[Event "Challenge"]
[Site "http://www.queenalice.com/game.php?id=1253269"]
[Date "2014.2.2"]
[Round "-"]
[White "Zugswang"]
[Black "TheBigBaluba"]
[Result "1/2-1/2"]
[WhiteElo "2200"]
[BlackElo "1932"]

1. e4 c5 2. Nc3 g6 3. g3 Bg7 4. Bg2 Nc6 5. Nge2 d6 6. O-O e5 7. d3 Nge7 8. f4
exf4 9. Bxf4 O-O 10. Qd2 f5 11. Bh6 Be6 12. Bxg7 Kxg7 13. Nf4 Bf7 14. exf5 Nxf5
15. Ncd5 b5 16. g4 Nfd4 17. c3 Ne6 18. Qe3 Nxf4 19. Nxf4 Qd7 20. h3 Rae8 21. Qd2
d5 22. d4 cxd4 23. cxd4 a6 24. Rae1 Rxe1 25. Rxe1 Qd6 26. g5 Ne7 27. Nd3 Nf5 28.
Ne5 Be6 29. Kh2 Rh8 30. Rc1 Rc8 31. Rxc8 Bxc8 32. Qc3 Be6 33. Qc5 Kg8 34. Qa7
Kf8 35. Qa8+ Kg7 36. Qb7+ Kg8 1/2-1/2

[Event "Challenge2"]
[Site "http://www.queenalice.com/game.php?id=1255626"]
[Date "2014.2.11"]
[Round "-"]
[White "TheBigBaluba"]
[Black "Zugswang"]
[Result "1-0"]
[WhiteElo "1945"]
[BlackElo "2212"]

1. c4 g6 2. Nf3 Bg7 3. g3 Nf6 4. Nc3 d6 5. Bg2 e5 6. d3 h6 7. h3 c6 8. e4 Be6 9.
Be3 Qc8 10. d4 Bxc4 11. dxe5 dxe5 12. Nxe5 Be6 13. Qd6 Bf8 14. Qd2 Nbd7 15. Nc4
Bxc4 16. b3 Ba6 17. O-O-O Bb4 18. Qc2 Qc7 19. Nd5 Qa5 20. Nxb4 Qxb4 21. Kb1 c5
22. e5 Nxe5 23. Bxc5 Qa5 24. Rhe1 Nd7 25. Bd6 g5 26. Qf5 f6 27. Qe6+ Kd8 28.
Rxe5 fxe5 29. Be7+ 1-0

[Event "AUTO-ADV-3102"]
[Site "http://www.queenalice.com/game.php?id=1265254"]
[Date "2014.3.15"]
[Round "1"]
[White "Herivelto"]
[Black "TheBigBaluba"]
[Result "0-1"]
[WhiteElo "1958"]
[BlackElo "2035"]

1. Nf3 d5 2. b3 Nf6 3. Bb2 e6 4. g3 Bd6 5. Bg2 O-O 6. O-O b6 7. d3 c6 8. Nbd2
Re8 9. Ne5 Bxe5 10. Bxe5 Nbd7 11. Bb2 e5 12. e4 h6 13. f4 exf4 14. Rxf4 Ne5 15.
Qf1 d4 16. h3 Nh5 17. Qf2 g5 18. Rf5 Bxf5 19. exf5 Rc8 20. Bxd4 Nxg3 21. Bxe5
Rxe5 22. Qxg3 Qd4+ 23. Kh2 Qxa1 24. h4 Qe1 25. Ne4 Qxg3+ 26. Kxg3 Kg7 27. Bh3
Rd8 28. hxg5 hxg5 29. f6+ Kg6 30. Kf3 c5 31. a4 Ree8 32. Bg4 Rh8 33. Kg3 Rh1 34.
Bf3 Rc1 35. Nf2 Rxc2 36. Be4+ Kxf6 37. d4 Rc3+ 38. Kg2 cxd4 39. Ng4+ Kg7 40. Ne5
Re8 0-1

[Event "AUTO-ADV-3102"]
[Site "http://www.queenalice.com/game.php?id=1265255"]
[Date "2014.3.15"]
[Round "1"]
[White "TheBigBaluba"]
[Black "Herivelto"]
[Result "1-0"]
[WhiteElo "1999"]
[BlackElo "2043"]

1. c4 Nf6 2. Nc3 g6 3. g3 Bg7 4. Bg2 d6 5. d3 O-O 6. Nf3 Nc6 7. h3 Re8 8. e4 Nd7
9. O-O Nde5 10. a3 Nxf3+ 11. Bxf3 Bxh3 12. Bg2 Bxg2 13. Kxg2 e6 14. Be3 h5 15.
d4 h4 16. g4 e5 17. d5 Nd4 18. Ne2 Nxe2 19. Qxe2 Bf6 20. Kh3 Kg7 21. b4 b6 22.
c5 Rh8 23. c6 Bg5 24. b5 Qe7 25. a4 Raf8 26. a5 f5 27. axb6 axb6 28. f3 fxe4 29.
fxe4 Bf4 30. Ra7 Bxe3 31. Rxf8 Rxf8 32. Qxe3 Rf4 33. Qxb6 Rf3+ 34. Kg2 Rg3+ 35.
Kh2 Qg5 36. Qxc7+ 1-0

[Event "AUTO-ADV-3102"]
[Site "http://www.queenalice.com/game.php?id=1265268"]
[Date "2014.3.15"]
[Round "1"]
[White "gsthck"]
[Black "TheBigBaluba"]
[Result "0-1"]
[WhiteElo "1754"]
[BlackElo "2030"]

1. c3 Nc6 2. d4 e6 3. e4 d5 4. exd5 exd5 5. Nf3 Be7 6. Bb5 Bd7 7. O-O Nf6 8. Bg5
O-O 9. Re1 Ne4 10. Bxe7 Nxe7 11. Bd3 f5 12. Ne5 Qe8 13. Nd2 Ng6 14. Nxe4 fxe4
15. Nxd7 Qxd7 16. Bc2 Rf6 17. Bb3 Kh8 18. Qd2 Raf8 19. Re2 Nf4 20. Re3 Qg4 21.
g3 Qh3 22. gxf4 Qh4 23. Rg3 Rxf4 24. Rf1 c6 25. Kg2 Qh5 26. Bd1 Qf5 27. h3 Qf6
28. Qe3 a6 29. f3 h5 30. Kh1 h4 31. Rg4 Rxg4 32. hxg4 Qd6 33. f4 g5 34. f5 Qh6
35. c4 Qf6 36. cxd5 cxd5 37. Bb3 Rd8 38. Rc1 b6 39. a4 Rd7 40. Qc3 Qd6 41. Qd2
Qf4 42. Qxf4 gxf4 43. Kg2 Kg7 44. Rh1 Kf6 45. Rxh4 Kg5 46. Kh3 e3 47. Bd1 Re7
48. Rh5+ Kf6 49. Be2 Re4 50. Rh6+ Kg7 51. Rxb6 Rxd4 52. g5 f3 53. Rb7+ Kf8 54.
Bxf3 Rf4 55. Be2 Rxf5 56. Kg4 Rf2 57. Bd3 e2 0-1

[Event "AUTO-ADV-3102"]
[Site "http://www.queenalice.com/game.php?id=1265269"]
[Date "2014.3.15"]
[Round "1"]
[White "TheBigBaluba"]
[Black "gsthck"]
[Result "1-0"]
[WhiteElo "1974"]
[BlackElo "1832"]

1. e4 c6 2. d4 d5 3. Nc3 g6 4. h3 Bg7 5. Nf3 Nh6 6. Bf4 f6 7. exd5 cxd5 8. Qd2
Nf7 9. Bb5+ Bd7 10. Nxd5 Bxb5 11. Nc7+ Kf8 12. Nxa8 Na6 13. O-O-O Qxa8 14. Rhe1
e5 15. dxe5 fxe5 16. Nxe5 Bxe5 17. Bxe5 Nxe5 18. Rxe5 Kg7 19. Re7+ Kf6 20. Qd6+
1-0

[Event "AUTO-ADV-3102"]
[Site "http://www.queenalice.com/game.php?id=1265276"]
[Date "2014.3.15"]
[Round "1"]
[White "BboyH"]
[Black "TheBigBaluba"]
[Result "0-1"]
[WhiteElo "1963"]
[BlackElo "1984"]

1. d4 Nf6 2. Nc3 e6 3. a3 d5 4. Bg5 Be7 5. Nf3 Bd7 6. Qd3 Nc6 7. g3 O-O 8. Bh3
a5 9. O-O e5 10. Bxd7 e4 11. Qd2 Nxd7 12. Bxe7 Nxe7 13. Ne1 f5 14. f3 c6 15. Ng2
Nf6 16. fxe4 fxe4 17. e3 b6 18. Nf4 Qd7 19. Nd1 g5 20. Ng2 Rf7 21. b3 Raf8 22.
c4 Ng4 23. Rxf7 Rxf7 24. Nf2 Rxf2 25. Qd1 Rxg2+ 0-1

[Event "AUTO-ADV-3102"]
[Site "http://www.queenalice.com/game.php?id=1265277"]
[Date "2014.3.15"]
[Round "1"]
[White "TheBigBaluba"]
[Black "BboyH"]
[Result "1-0"]
[WhiteElo "2017"]
[BlackElo "1948"]

1. c4 e5 2. Nc3 Bb4 3. Qc2 Nc6 4. Nf3 Nf6 5. d3 Nd4 6. Nxd4 exd4 7. a3 Bd6 8.
Nb5 Be7 9. Bf4 d6 10. Nxd4 O-O 11. g3 c5 12. Nf3 Bg4 13. Bg2 Rb8 14. O-O b5 15.
b3 Nd7 16. h3 Bxf3 17. Bxf3 f5 18. e4 Ne5 19. Qd1 bxc4 20. bxc4 Nxf3+ 21. Qxf3
g5 22. Be3 Bf6 23. Rab1 fxe4 24. Qxe4 Re8 25. Qd5+ Kg7 26. Rxb8 Qxb8 27. Bxg5
Bxg5 28. Qxg5+ Kh8 29. Qf6+ Kg8 30. h4 Qc7 31. d4 Re7 32. Rd1 Rf7 33. Qe6 Kg7
34. f4 cxd4 35. Rxd4 Qc5 36. Qxd6 Qc8 37. Kh2 Qg4 38. Qe5+ Rf6 39. Rd6 Qg6 40.
Qxf6+ Qxf6 41. Rxf6 Kxf6 42. g4 h6 43. g5+ hxg5 44. fxg5+ 1-0

[Event "AUTO-ADV-3102"]
[Site "http://www.queenalice.com/game.php?id=1290667"]
[Date "2014.6.26"]
[Round "2"]
[White "duschgel"]
[Black "TheBigBaluba"]
[Result "0-1"]
[WhiteElo "2055"]
[BlackElo "2081"]

1. c4 e6 2. g3 Nf6 3. Bg2 c5 4. Nc3 Be7 5. e4 Nc6 6. Nge2 Ne5 7. d3 O-O 8. O-O
h6 9. f4 Ng6 10. e5 Ne8 11. Be4 f5 12. Bf3 d6 13. Bh5 Kh7 14. g4 dxe5 15. Bxg6+
Kxg6 16. gxf5+ exf5 17. fxe5 Nc7 18. Ng3 Kh7 19. Qf3 g6 20. Nge2 Rb8 21. Rf2 b6
22. Rg2 Bb7 23. Qh3 g5 24. Rf2 Bc8 25. Qh5 Bb7 26. h4 Ne6 27. Ng3 f4 28. Nge4
Qxd3 29. Rd2 Qxc4 30. hxg5 Nxg5 31. Nxg5+ Bxg5 32. Rd7+ Kh8 33. Qg6 Qg8 34. Qh5
Bh4+ 35. Kf1 Qg2# 0-1

[Event "AUTO-ADV-3102"]
[Site "http://www.queenalice.com/game.php?id=1290668"]
[Date "2014.6.26"]
[Round "2"]
[White "TheBigBaluba"]
[Black "duschgel"]
[Result "1-0"]
[WhiteElo "2064"]
[BlackElo "2090"]

1. e4 c6 2. d4 d5 3. e5 c5 4. dxc5 Nc6 5. Nf3 Bg4 6. Bb5 e6 7. b4 Ne7 8. Nbd2
Ng6 9. h3 Bxf3 10. Nxf3 a5 11. c3 Be7 12. Bxc6+ bxc6 13. Qd4 axb4 14. cxb4 O-O
15. Bb2 Qc7 16. O-O Rfb8 17. a4 Ra7 18. g3 f6 19. Qg4 f5 20. Qd4 Qb7 21. Bc3 Qa6
22. b5 Qb7 23. b6 Ra6 24. a5 Nf8 25. Rfc1 Nd7 26. Bd2 Qc8 27. Ng5 Nf8 28. Qd3 h6
29. b7 Rxb7 30. Qxa6 hxg5 31. Rab1 1-0

[Event "AUTO-ADV-3102"]
[Site "http://www.queenalice.com/game.php?id=1290671"]
[Date "2014.6.26"]
[Round "2"]
[White "TheBigBaluba"]
[Black "MSchatz"]
[Result "1/2-1/2"]
[WhiteElo "2048"]
[BlackElo "2055"]

1. c4 c5 2. g3 Nc6 3. Bg2 g6 4. Nc3 Bg7 5. Qc2 e6 6. Nf3 Nge7 7. d3 O-O 8. a3
Nf5 9. e4 Nfd4 10. Nxd4 Nxd4 11. Qd1 b6 12. Ne2 e5 13. O-O d6 14. Bd2 Bb7 15.
Nc3 Qd7 16. f4 Rae8 17. fxe5 dxe5 18. Nd5 f5 19. b4 fxe4 20. Bxe4 Rxf1+ 21. Qxf1
Rf8 22. Qg2 Nb3 23. Rb1 Nxd2 24. Qxd2 Qf7 25. Qg2 Bh6 26. Rf1 Qxf1+ 27. Qxf1
Rxf1+ 28. Kxf1 Bxd5 29. Bxd5+ Kg7 30. bxc5 bxc5 31. Ke2 1/2-1/2

[Event "AUTO-ADV-3102"]
[Site "http://www.queenalice.com/game.php?id=1290672"]
[Date "2014.6.26"]
[Round "2"]
[White "MSchatz"]
[Black "TheBigBaluba"]
[Result "0-1"]
[WhiteElo "2058"]
[BlackElo "2048"]

1. e4 c5 2. Nf3 Nc6 3. c4 Nf6 4. d3 e5 5. Nc3 d6 6. Bg5 Be7 7. Bxf6 Bxf6 8. h3
Be6 9. Be2 O-O 10. O-O Qd7 11. Nd5 Bd8 12. Qd2 f5 13. Ng5 Bxg5 14. Qxg5 fxe4 15.
dxe4 Nd4 16. Bd1 b5 17. b3 bxc4 18. bxc4 Rab8 19. a4 Rb2 20. a5 h6 21. Qg3 Qf7
22. Ra3 Rd2 23. f3 Rxd1 24. Qf2 Rxf1+ 25. Qxf1 Kh8 26. Kh2 Bxd5 27. cxd5 Qf4+
28. Kh1 Qxe4 29. Qa6 Qe1+ 30. Kh2 Ne2 0-1

[Event "Interstellar #1"]
[Site "http://www.queenalice.com/game.php?id=1325029"]
[Date "2014.11.28"]
[Round "-"]
[White "TheBigBaluba"]
[Black "q_u_i_n_t_e_t"]
[Result "0-1"]
[WhiteElo "2096"]
[BlackElo "2140"]

1. c4 e6 2. g3 d5 3. cxd5 exd5 4. Nf3 Nf6 5. d4 Be7 6. e3 Bg4 7. Be2 Bh3 8. Qb3
b6 9. Ng5 Bg2 10. Rg1 Be4 11. Nc3 O-O 12. Ngxe4 dxe4 13. Bc4 Nc6 14. Qb5 Qd7 15.
Nd5 a6 16. Nxf6+ Bxf6 17. Qd5 Qe8 18. Bd2 Rd8 19. Qf5 Bxd4 20. exd4 Nxd4 21. Qg4
Nf3+ 22. Ke2 Rxd2+ 23. Ke3 Rxb2 24. Rh1 Qc6 25. Rac1 Qc5+ 26. Kxe4 Qd4+ 27. Kxf3
Rxf2# 0-1

[Event "Interstellar #2"]
[Site "http://www.queenalice.com/game.php?id=1325030"]
[Date "2014.11.28"]
[Round "-"]
[White "q_u_i_n_t_e_t"]
[Black "TheBigBaluba"]
[Result "0-1"]
[WhiteElo "2165"]
[BlackElo "2082"]

1. e4 c5 2. Nf3 Nc6 3. Bb5 g6 4. Bxc6 bxc6 5. O-O Bg7 6. c3 e5 7. Na3 d5 8. d3
Ne7 9. Be3 d4 10. cxd4 cxd4 11. Bd2 O-O 12. Qc1 f5 13. Ng5 fxe4 14. Nxe4 Rb8 15.
b3 Bg4 16. Re1 Qd7 17. Nc5 Qd5 18. Ne4 Bf5 19. f3 Qd7 20. Bh6 Nd5 21. Bxg7 Kxg7
22. Nc5 Qe7 23. f4 Nc3 24. Rxe5 Ne2+ 25. Kh1 Qxe5 26. fxe5 Nxc1 27. Rxc1 Rbd8
28. Rc4 Rfe8 29. Nc2 Rxe5 30. h3 a5 31. Nxd4 Rxd4 32. Rxd4 Rxc5 0-1

[Event "Interstellar #3"]
[Site "http://www.queenalice.com/game.php?id=1333937"]
[Date "2015.1.9"]
[Round "-"]
[White "TheBigBaluba"]
[Black "q_u_i_n_t_e_t"]
[Result "1-0"]
[WhiteElo "2101"]
[BlackElo "2150"]

1. c4 e6 2. g3 d5 3. Bg2 c6 4. Qc2 dxc4 5. Qxc4 Nf6 6. d3 a5 7. Nf3 Bd6 8. b3
O-O 9. Bb2 Nbd7 10. O-O b5 11. Qxc6 1-0

[Event "Challenge"]
[Site "http://www.queenalice.com/game.php?id=1334303"]
[Date "2015.1.11"]
[Round "-"]
[White "Zugswang"]
[Black "TheBigBaluba"]
[Result "0-1"]
[WhiteElo "2037"]
[BlackElo "2127"]

1. e4 c5 2. Nc3 Nc6 3. g3 g6 4. Bg2 Bg7 5. Nge2 Nf6 6. O-O d6 7. h3 O-O 8. f4
Qb6 9. Kh2 Be6 10. g4 Qd8 11. f5 Bd7 12. Ng3 a6 13. g5 Ne8 14. Nd5 Be5 15. c3 e6
16. Ne3 Qxg5 17. Qf3 Nf6 18. d3 Nh5 19. Ng4 Qh4 20. Nxe5 Nxe5 21. Qd1 Nxg3 22.
Rf4 Qh5 23. Qe1 Ne2 24. Rh4 Nxd3 25. Rxh5 Nxe1 26. Rg5 f6 27. Rg4 Nxc1 28. Rxc1
exf5 29. exf5 Nxg2 30. Rxg2 Bxf5 31. Rd1 Be4 32. Rg3 d5 33. h4 Rae8 34. b4 b6
35. Rd2 f5 36. h5 Kg7 37. a4 f4 38. Rg1 f3 39. hxg6 hxg6 40. Kg3 Re5 41. Kf2 Rh8
42. Kf1 f2 43. Rxf2 Bd3+ 0-1

[Event "The Equalizer"]
[Site "http://www.queenalice.com/game.php?id=1335222"]
[Date "2015.1.16"]
[Round "-"]
[White "q_u_i_n_t_e_t"]
[Black "TheBigBaluba"]
[Result "0-1"]
[WhiteElo "2138"]
[BlackElo "2114"]

1. e4 d5 2. exd5 Nf6 3. c4 c6 4. Nf3 cxd5 5. d4 dxc4 6. Bxc4 e6 7. O-O Be7 8.
Ne5 O-O 9. Nc3 Qc7 10. b3 Nc6 11. Bf4 Qb6 12. Nxc6 Qxc6 13. d5 exd5 14. Nxd5
Nxd5 15. Bxd5 Qf6 16. Qf3 Re8 17. Rae1 h6 18. Qg3 Bf5 19. Bxb7 Rad8 20. Ba6 Qxa6
0-1

[Event "The Equalizer#2"]
[Site "http://www.queenalice.com/game.php?id=1336453"]
[Date "2015.1.22"]
[Round "-"]
[White "q_u_i_n_t_e_t"]
[Black "TheBigBaluba"]
[Result "0-1"]
[WhiteElo "2131"]
[BlackElo "2136"]

1. e4 c5 2. Nf3 Nc6 3. d3 g6 4. Be2 Bg7 5. O-O Nf6 6. Nc3 O-O 7. Bg5 h6 8. Be3
d6 9. h3 Bd7 10. Qd2 Kh7 11. d4 Nxd4 12. Nxd4 cxd4 13. Bxd4 Bc6 14. f3 d5 15. e5
Nh5 16. Kh2 f6 17. exf6 Bxf6 18. g3 e5 19. Bf2 Qd7 20. Rad1 d4 21. Ne4 Qd5 22.
c4 Qe6 23. Nc5 Qf5 24. Qd3 Qxd3 25. Nxd3 b6 26. Nb4 Bb7 27. Nd5 Bg7 28. Nc7 Rac8
29. Ne6 Rfe8 30. Nxg7 Nxg7 31. b4 Rc7 32. a4 Ne6 33. h4 Rf8 34. f4 exf4 35. gxf4
Rxf4 36. Bg3 Rxf1 37. Rxf1 Re7 38. Bd3 Ng7 39. Rf4 Bc8 40. Rxd4 Bf5 41. Bd6 Re1
42. Rd5 Bxd3 43. Rxd3 Re4 44. c5 Rxb4 45. c6 Rxh4+ 46. Kg2 Ne8 47. Bg3 Rxa4 48.
c7 Nxc7 49. Rd7+ Kg8 50. Rxc7 h5 51. Be5 Ra5 52. Bf6 g5 53. Rg7+ Kf8 54. Rxg5
Rxg5+ 55. Bxg5 Kf7 56. Be3 Ke6 57. Kg3 Kd5 58. Bg1 Kc6 0-1

[Event "Fine attività 2015"]
[Site "http://www.queenalice.com/game.php?id=1345164"]
[Date "2015.3.2"]
[Round "-"]
[White "TheBigBaluba"]
[Black "q_u_i_n_t_e_t"]
[Result "0-1"]
[WhiteElo "2148"]
[BlackElo "2112"]

1. e4 e5 2. Nf3 d6 3. d4 exd4 4. Bc4 Nf6 5. Ng5 d5 6. Nxf7 Kxf7 7. exd5 Bb4+ 8.
c3 Re8+ 9. Kf1 dxc3 10. bxc3 Bd6 11. Bg5 h6 12. Bh4 Kg8 13. Qc2 Re4 14. Bxf6 Qe8
15. Nd2 Rf4 16. Bd4 Bf5 17. Bd3 Qf7 18. Bxf5 Rxf5 19. Qb3 Nd7 20. Qxb7 Rf8 21.
f3 Rxd5 22. Ne4 Be5 23. Bxe5 Nxe5 24. Kg1 Rfd8 25. Qb3 Qg6 26. Kf1 Kh8 27. Re1
Rd2 28. Nxd2 Rxd2 29. Re2 Qd3 0-1

[Event "#2"]
[Site "http://www.queenalice.com/game.php?id=1519581"]
[Date "2018.3.14"]
[Round "-"]
[White "verdello"]
[Black "TheBigBaluba"]
[Result "0-1"]
[WhiteElo "1100"]
[BlackElo "2124"]

1. g3 Nf6 2. Bg2 e5 3. Nf3 e4 4. Nd4 d5 5. O-O Bd7 6. e3 c5 7. Ne2 Nc6 8. b3 Qc7
9. Bb2 Be7 10. d4 cxd4 11. exd4 O-O 12. Nd2 Bg4 13. c4 Rad8 14. cxd5 Nb4 15.
Nxe4 Nxe4 16. Bxe4 f5 17. Bg2 Qc2 18. f3 Bh5 19. Nf4 Qxb2 20. Nxh5 Nxd5 21. f4
Ne3 22. Qc1 Qxg2# 0-1

[Event "#3"]
[Site "http://www.queenalice.com/game.php?id=1522663"]
[Date "2018.4.7"]
[Round "-"]
[White "TheBigBaluba"]
[Black "verdello"]
[Result "0-1"]
[WhiteElo "2125"]
[BlackElo "1317"]

1. d4 d5 2. c4 g6 3. Nc3 Bg7 4. cxd5 Nf6 5. e4 b6 6. Nf3 c6 7. dxc6 Nxc6 8. Bb5
Bb7 9. Ne5 Qc7 10. Bf4 O-O 11. Qd2 Nxe5 12. Bxe5 Qc8 13. Qf4 Nh5 14. Qh4 Bxe5
15. dxe5 e6 16. O-O-O Qc5 17. Rhf1 Qxe5 18. f3 Rac8 19. Qf2 Rxc3+ 20. bxc3 Qxb5
21. Rd2 Qe5 22. Qd4 Qxd4 23. cxd4 a5 24. Rc2 f5 25. Rc7 Rc8 26. Rxc8+ Bxc8 27.
Kb2 Nf4 28. g3 Ne2 29. Rd1 Bb7 30. d5 Bc8 31. d6 Bd7 32. e5 f4 33. g4 b5 34. Kb3
b4 35. a3 bxa3 36. Kxa3 Kf8 37. Rb1 Nd4 38. Rb8+ Kg7 39. Rb7 Nxf3 0-1